Movies Quiz

Random Movies or Role Quiz
Score 0/12 Timer 05:00
2 Plays Today
Question Answer Wrong Answers
Which movie did not star Jim Carrey? Fred Claus
94.3%
Dumb and Dumber
1.1%
The Truman Show
1.3%
Bruce Almighty
1.3%
Which movie did not star Tom Hanks? Mad Dog and Glory
90.1%
Turner & Hooch
4.1%
Big
1.3%
Philadelphia
1.7%
Which movie did not star Bill Murray? The Cable Guy
86.9%
Hyde Park on Hudson
8.3%
Lost in Translation
2.3%
Groundhog Day
0.8%
Which movie did not star Jack Nicholson? The Italian Job
86.3%
One Flew Over the Cuckoo's Nest
1.1%
As Good as It Gets
1.5%
Five Easy Pieces
7.6%
Which movie did not star Vince Vaughn? Bachelor Party
81.7%
Wedding Crashers
2%
Dodgeball: A True Underdog Story
6.2%
The Break-Up
7.7%
Which movie did not star Marlon Brando? Where the Buffalo Roam
75.3%
The Godfather
2.3%
Last Tango in Paris
14.2%
A Streetcar Named Desire
7%
Which movie did not star Uma Thurman? The Name of the Rose
72.1%
Kill Bill: Volume 1
1%
The Truth About Cats & Dogs
14.7%
My Super Ex-Girlfriend
9.2%
Which movie did not star Sean Connery? Prizzi's Honor
69.8%
The Untouchables
8%
Diamonds Are Forever
6.1%
Finding Forrester
12.7%
Which movie did not star Meryl Streep? Hero
62.6%
Kramer vs. Kramer
9.9%
Silkwood
11%
Music of the Heart
12.7%
Which movie did not star Dustin Hoffman? The Goodbye Girl
58.6%
Wag the Dog
12.5%
Kramer vs. Kramer
4.8%
Papillon
23.7%
Which movie did not star Richard Dreyfuss? The Freshman
57.2%
Mr. Holland's Opus
8.1%
Stakeout
19.9%
American Graffiti
14%
Which movie did not star Donald Sutherland? Postcards from the Edge
32.6%
Klute
12.8%
MASH
11.9%
Buffy the Vampire Slayer
39%
Remove Ads.
Support Sporcle.
Get the best of Sporcle when you Go Orange. This ad-free experience offers more features, more stats, and more fun while also helping to support Sporcle. Thank you for becoming a member.

You're not logged in!

Compare scores with friends on all Sporcle quizzes.
OR
Log In

Show Comments

Extras

Top Quizzes Today


Score Distribution

Your Account Isn't Verified!

In order to create a playlist on Sporcle, you need to verify the email address you used during registration. Go to your Sporcle Settings to finish the process.

Report this User

Report this user for behavior that violates our Community Guidelines.

Details: